| Tag |
First Indicator |
Second Indicator |
Subfields |
| LEADER |
00000nam a2200000Ia 4500 |
| 001 |
in00004331506 |
| 005 |
20200812091514.0 |
| 006 |
m g d |
| 007 |
cr bn |||a|bb| |
| 008 |
030715s1650 stk o 000 0 eng d |
| 035 |
|
|
|a (OCoLC)52615030
|
| 040 |
|
|
|a EAE
|c EAE
|e dcrb
|
| 037 |
|
|
|a CL0037000119
|b ProQuest Information and Learning. 300 N. Zeeb Rd., Ann Arbor, MI 48106
|
| 043 |
|
|
|a e-uk-st
|
| 090 |
|
|
|a DA803.8
|b .S36 1650
|
| 049 |
|
|
|a UMIA
|
| 110 |
1 |
|
|a Scotland.
|b Convention of Estates.
|
| 245 |
1 |
0 |
|a Edinbvrgh, 4 June 1650. :
|b The Estate of Parliament now presently conveened, taking into consideration the necessary duty lying upon them to use their best endeavors for securing of religion and the peace of the kingdom ...
|
| 260 |
|
|
|a Edinburgh, :
|b Printed by Evan Tyler ...,
|c Anno Dom. 1650.
|
| 300 |
|
|
|a 1 online resource (1 sheet ([1] pages)
|
| 336 |
|
|
|a text
|b txt
|2 rdacontent
|
| 337 |
|
|
|a computer
|b c
|2 rdamedia
|
| 338 |
|
|
|a online resource
|b cr
|2 rdacarrier
|
| 500 |
|
|
|a Title from caption and first line of text.
|
| 500 |
|
|
|a Initial letter.
|
| 500 |
|
|
|a Imperfect: tightly bound with some loss of text.
|
| 500 |
|
|
|a Reproduction of original in: National Library of Scotland.
|
| 510 |
4 |
|
|a Wing (2nd edition)
|c S1235
|
| 533 |
|
|
|a Electronic reproduction.
|b Ann Arbor, Mich. :
|c UMI,
|d 1999-
|f (Early English books online)
|n Digital version of: (Early English Books, 1641-1700 ; 2762:8)
|7 s1999 miun s
|
| 650 |
|
0 |
|a Exile (Punishment)
|z Scotland
|v Early works to 1800.
|
| 651 |
|
0 |
|a Scotland
|x Politics and government
|y 1649-1660
|v Early works to 1800.
|
| 651 |
|
0 |
|a Great Britain
|x History
|y Commonwealth and Protectorate, 1649-1660
|v Early works to 1800.
|
| 655 |
|
7 |
|a Broadsides
|z Scotland
|y 17th century.
|2 rbgenr
|
| 830 |
|
0 |
|a Early English books online.
|
| 856 |
4 |
0 |
|u http://proxy.library.tamu.edu/login?url=https://search.proquest.com/docview/2240871669
|z Connect to the full text of this electronic book
|t 0
|
| 999 |
f |
f |
|s 14cf8db7-4430-3872-9106-be823e115cc0
|i cc7a0e4d-6095-3981-abda-40c4e8adac07
|t 0
|
| 952 |
f |
f |
|a Texas A&M University
|b College Station
|c Electronic Resources
|d Available Online
|t 0
|e DA803.8 .S36 1650
|h Library of Congress classification
|
| 998 |
f |
f |
|a DA803.8 .S36 1650
|t 0
|l Available Online
|